00669nam a2200193Ia 4500008004100000020001500041082001600056100003200072245005400104250000700158260004000165300002700205500001900232600002100251650005000272942000700322952013100329999001500460240925s9999 xx 000 0 und d a8178086328 a005.133 SIL aSiler , Brian; Spotts, Jeff 0aSpecial Edition Using Microsoft Visual Basic.NET  aNA aIndiana:bPearson Educationc,2002. axx,466p.bNAfOriginal aIncludes Index aComputer Science aComputer science, information & general works cBK 001040708CSaUITUbUITUd2002-12-16eKhaliq book Binderg572.60l0o005.133 SILpQ4782r2024-09-25 07:13:37w2024-09-25yBK c7281d7281